|
|
|
|
| LEADER |
00000nab a2200000 a 4500 |
| 001 |
vtls000845835 |
| 003 |
SK-MaSNL |
| 005 |
20260304110338.0 |
| 008 |
250429c2003 xo 0 slo |
| 015 |
|
|
|a SNBRB2003/09-25410
|
| 035 |
|
|
|a CLN000197490
|
| 035 |
|
|
|a urn:nbn:sk:snk-abqpl
|
| 035 |
|
|
|a (urnnbn)urn:nbn:sk:snk:ar-a04esm
|
| 035 |
|
|
|a (uuid)8dd57db8-46d9-4346-8277-c6ebe821456d
|
| 040 |
|
|
|a SNKBUCL
|b slo
|c SNKBUCL
|e AACR2
|
| 041 |
0 |
|
|a slo
|
| 044 |
|
|
|a xo
|c SK
|
| 080 |
|
|
|a 631.41:631.811:631.5
|2 1997
|
| 080 |
|
|
|a 631.811
|2 1997
|
| 080 |
|
|
|a 631.5
|2 1997
|
| 100 |
1 |
|
|a Miklovič, Dušan,
|d 1944-
|4 aut
|9 26684
|
| 245 |
1 |
0 |
|a Vplyv spôsobu obrábania pôdy na rozloženie obsahu živín v ornici
|c Dušan Miklovič
|
| 300 |
|
|
|b Grafy
|
| 650 |
0 |
7 |
|a orná pôda
|2 snkbucl
|9 67824
|
| 650 |
0 |
7 |
|a obrábanie pôdy
|2 snkbucl
|9 52002
|
| 650 |
0 |
7 |
|a živiny
|2 snkbucl
|9 15431
|
| 655 |
|
7 |
|a články z novín a časopisov
|2 snkbucl
|9 267496
|
| 773 |
0 |
|
|t Naše pole
|g Roč. 7, č. 6 (2003), s. 42
|x 1335-2466
|
| 850 |
|
|
|a Slovenská národná knižnica
|
| 852 |
|
|
|a Slovenská národná knižnica
|
| 954 |
|
|
|a odborná, vedecká literatúra pôvodná (slovenská)
|2 lita
|
| 958 |
|
|
|a article27
|
| 958 |
|
|
|a OND
|
| 958 |
|
|
|a EUIPO
|
| 992 |
|
|
|a RBX
|
| 999 |
|
|
|c 2859571
|d 2861501
|